| 000 | 01221cam a22003138i 4500 | ||
|---|---|---|---|
| 001 | 17360355 | ||
| 003 | Nust- CAS-E | ||
| 005 | 20180118181357.0 | ||
| 008 | 120625s2012 enk b 001 0 eng | ||
| 010 | _a 2012018223 | ||
| 020 | _a9781848213890 | ||
| 040 |
_aDLC _beng _cDLC _erda |
||
| 042 | _apcc | ||
| 050 | 0 | 0 |
_aTK1001 _b.I575 2012 |
| 082 | 0 | 0 |
_a621.31 _223 _bINT 2012 |
| 084 |
_aTEC031000 _2bisacsh |
||
| 245 | 0 | 0 |
_aIntegrated design by optimization of electrical energy systems / _cedited by Xavier Roboam. |
| 260 | _cc2012 | ||
| 263 | _a1206 | ||
| 300 | _apages cm | ||
| 504 | _aIncludes bibliographical references and index. | ||
| 520 | _a"This book presents the vision of French academics about systemic design methodologies applied to electrical energy systems. It is especially dedicated to discussion of analysis and system management, as well as modeling and sizing tools"-- | ||
| 650 | 0 |
_aElectric power systems _xDesign and construction. |
|
| 650 | 7 |
_aTECHNOLOGY & ENGINEERING / Power Resources / General. _2bisacsh |
|
| 700 | 1 | _aRoboam, Xavier. | |
| 906 |
_a7 _bcbc _corignew _d1 _eecip _f20 _gy-gencatlg |
||
| 942 |
_2ddc _cBK |
||
| 999 |
_c355310 _d355310 |
||